|
|
|
|
| LEADER |
00622ntm a2200169 i 4500 |
| 001 |
misc46837 |
| 005 |
20201216095638.0 |
| 008 |
200511s1907 hu o 0|| hun d |
| 040 |
|
|
|a SZTE Miscellanea Repozitórium
|b hun
|
| 041 |
|
|
|a hun
|
| 100 |
1 |
|
|a Jeszenszky Elek
|
| 245 |
1 |
0 |
|a Néhány adat a cigánykérdés megoldásához
|h [elektronikus dokumentum] /
|c Jeszenszky Elek
|
| 260 |
|
|
|c 1907-07-25
|
| 300 |
|
|
|a 17 p.
|
| 561 |
|
|
|a Herrmann Antal hagyaték
|
| 695 |
|
|
|a cigányügy, cigányok letelepítése, törvényjavaslat
|
| 856 |
4 |
0 |
|u http://misc.bibl.u-szeged.hu/46837/1/hermann_antal_ms_1934_004_egyeb_074.pdf
|z Dokumentum-elérés
|